Faktorová analýza vybraných prvkov informačného systému technológie JE Mochovce

Salvato in:
Dettagli Bibliografici
Autore principale: Juriš, Peter (Autore)
Altri autori: Kompas, Július (Relatore della tesi), Krnáč, Štefan, 1959- (Relatore della tesi)
Natura: Manoscritto Libro
Pubblicazione: Bratislava : STU v Bratislave FEI, 2002
Soggetti:
Tags: Aggiungi Tag
Nessun Tag, puoi essere il primo ad aggiungerne!!

MARC

LEADER 00000ntm a22000003a 4500
001 stu76133
005 20160719164752.3
008 020618s2002----------------------------d
040 |a STU  |b slo 
041 0
100 1 |a Juriš, Peter  |4 aut 
245 1 |a Faktorová analýza vybraných prvkov informačného systému technológie JE Mochovce 
260 |a Bratislava :  |b STU v Bratislave FEI,  |c 2002 
300 |a 52 s 
650 7 |a Elektroenergetické a silnoprúdové inžinierstvo  |2 stusub 
700 1 |a Kompas, Július  |4 ths 
700 1 |a Krnáč, Štefan,  |d 1959-  |4 ths  |u E060  |U FEI Fakulta elektrotechniky a informatiky  |T FEI Ústav jadrového a fyzikálneho inžinierstva  |X 1794  |U E060  |Y 817  |7 A000001794